The spirit of prophecy defended (Record no. 69638)
[ view plain ]
| 000 -LEADER | |
|---|---|
| fixed length control field | 01289nam a22003134a 4500 |
| 082 04 - DEWEY DECIMAL CLASSIFICATION NUMBER | |
| Classification number | 231.7/4 |
| 100 1# - MAIN ENTRY--AUTHOR NAME | |
| Personal name | Lacy, John, |
| 245 14 - TITLE STATEMENT | |
| Title | The spirit of prophecy defended |
| 260 ## - PUBLICATION, DISTRIBUTION, ETC. (IMPRINT) | |
| Place of publication | Boston : |
| Name of publisher | Brill Academic Publishers, |
| Year of publication | 2003. |
| 300 ## - PHYSICAL DESCRIPTION | |
| Number of Pages | lix, 521 p. |
| 500 ## - GENERAL NOTE | |
| General note | Originally published: The general delusion of Christians. 1713. With new introd. |
| 650 #0 - SUBJECT ADDED ENTRY--TOPICAL TERM | |
| Topical Term | Revelation |
| Topical Term | Prophecy |
| 700 1# - ADDED ENTRY--PERSONAL NAME | |
| Personal name | Michaels, J. Ramsey. |
| 856 40 - ELECTRONIC LOCATION AND ACCESS | |
| Uniform Resource Identifier | http://site.ebrary.com/lib/rucke/Doc?id=10089745 |
No items available.
